000 00771nam a22002297a 4500
005 20210625105525.0
008 210625b ||||| |||| 00| 0 eng d
020 _a9782228 902717
040 _aBUAC
_cBUC
041 _aFre
100 _aMobinier Pascale
245 _aLes enjeux psychiques du travail
_bintroduction à la psychodynamique du travail
_c/ par Pascale Molinier
250 _a2 ème éd.
260 _aParis :
_bEdition Payot & Rivages,
_c2006
300 _a335 p.
_bCouv.ill. en coul.;
_c17 cm.
440 _a(Petit Biblio Payot : Essais)
500 _aBibliogr. pp.(318 - 328) Index Thématique. pp. (329- 330)
630 _aPHILOSOPHIE-PSYCHOLOGIE
650 _aPSYCHOLOGIE
651 _aPsychologie du travail : psychologie
942 _2ddc
_cLBA
999 _c62003
_d62003